Participación ciudadana en el nivel local en Centroamérica: tendencias actuales y perspectivas /

সংরক্ষণ করুন:
গ্রন্থ-পঞ্জীর বিবরন
প্রধান লেখক: Casasfranco, María Virginia
অন্যান্য লেখক: Patiño Millán, Fernando
বিন্যাস: গ্রন্থ
ভাষা:Spanish
ট্যাগগুলো: ট্যাগ যুক্ত করুন
কোনো ট্যাগ নেই, প্রথমজন হিসাবে ট্যাগ করুন!

MARC

LEADER 00000nam a22000007a 4500
003 cru CIDCACS/IIS
005 20180531155000.0
007 ta
008 180531t2001 es |||||r|||||||| ||spa|d
999 |c 41500  |d 41500 
040 |c cru CIDCACS/IIS 
100 1 |9 7320  |a Casasfranco, María Virginia 
245 1 |a Participación ciudadana en el nivel local en Centroamérica:  |b tendencias actuales y perspectivas /  |c María Virginia Casasfranco, Fernando Patiño Millán 
300 |a páginas 291-315 
700 1 |9 7321  |a Patiño Millán, Fernando 
773 0 |0 41490  |9 2057  |a Córdova Macías, Ricardo  |d El Salvador: FUNDAUNGO, 2001  |o 17713  |t Pasos hacia una nueva convivencia:  |z 9992329084 
942 |2 ddc  |c LI